The iconic female : (Record no. 39245)

MARC details
000 -LEADER
fixed length control field 00748nam a22002057a 4500
005 - DATE AND TIME OF LATEST TRANSACTION
control field 2010080401181.0
010 ## - LCCN (DPL NO)
LC control number ENG-98133
020 ## - INTERNATIONAL STANDARD BOOK NUMBER
International Standard Book Number 9788170392712
Terms of availability 400.00
035 ## - SYSTEM CONTROL NUMBER
System control number EN-81666
037 ## - SOURCE OF ACQUISITION
Source of stock number/acquisition DBAD/PUB
082 ## - DEWEY DECIMAL CLASSIFICATION NUMBER
Classification number 230.31954
245 ## - TITLE STATEMENT
Title The iconic female :
Remainder of title goddesses of India, Nepal and Tibet /
Statement of responsibility, etc by Jayant Bhalchandra Bapat [and] Ian Mabbett
260 ## - PUBLICATION, DISTRIBUTION, ETC. (IMPRINT)
Place of publication, distribution, etc New Delhi
Name of publisher, distributor, etc Somaiya Publications
Date of publication, distribution, etc 2008
270 ## - ADDRESS
Address 6th floor, Bank of Baroda Building, 16 Parliament Street
City New Delhi
Postal code 110001
300 ## - PHYSICAL DESCRIPTION
Extent xiv, 230p.
Dimensions 22cm (Hb)
Accompanying material b&w photoes
500 ## - GENERAL NOTE
General note includes bibliographical references and index
700 ## - ADDED ENTRY--PERSONAL NAME
Personal name Bhalchandra Bapat, Jayant
9 (RLIN) 6091
700 ## - ADDED ENTRY--PERSONAL NAME
Personal name Mabbett, Ian
9 (RLIN) 6092
942 ## - ADDED ENTRY ELEMENTS (KOHA)
Source of classification or shelving scheme Dewey Decimal Classification
Item type English Books
Classification part 230.31954
Call number suffix ICO

No items available.


© Delhi Public Library
Hit Counter
free hit counter